[Event "Zeleny Shum-B"]
[Site "Zeleny Shum"]
[Date "2000.??.??"]
[Round "7"]
[White "Anikeenko, Andrey"]
[Black "Martinov, Nikolay"]
[Result "1-0"]
[WhiteElo "2256"]
[BlackElo "2105"]
[PlyCount "53"]
[EventDate "2000.??.??"]
[EventType "tourn"]
[EventRounds "13"]
[EventCountry "RUS"]
[EventCategory "3"]
[SourceTitle "EXT 2006"]
[Source "ChessBase"]
[SourceDate "2005.11.24"]
[SourceVersion "1"]
[SourceVersionDate "2005.11.24"]
[SourceQuality "1"]

1. e4 c6 2. d3 g6 3. g3 Bg7 4. Bg2 d5 5. Nd2 Nf6 6. Ngf3 0-0 7. 0-0 Na6 8. Re1 dxe4 9. dxe4 Nc5 10. e5 Nd5 11. Nb3 Ne6 12. Qe2 Qc7 13. c4 Nb4 14. a3 Na6 15. Nbd2 b6 16. b4 Bb7 17. Bb2 Rad8 18. h4 Rd7 19. Bh3 Qb8 20. Ng5 Nac7 21. Nde4 Rfd8 22. Nxe6 Nxe6 23. Bxe6 fxe6 24. Qg4 Kh8 25. Ng5 Bc8 26. Nf7+ Kg8 27. Qxe6 1-0

[Event "Zeleny Shum-B"]
[Site "Zeleny Shum"]
[Date "2000.??.??"]
[Round "5"]
[White "Kabanov, Nikolai"]
[Black "Martinov, Nikolay"]
[Result "1-0"]
[WhiteElo "2385"]
[BlackElo "2105"]
[PlyCount "103"]
[EventDate "2000.??.??"]
[EventType "tourn"]
[EventRounds "13"]
[EventCountry "RUS"]
[EventCategory "3"]
[SourceTitle "EXT 2006"]
[Source "ChessBase"]
[SourceDate "2005.11.24"]
[SourceVersion "1"]
[SourceVersionDate "2005.11.24"]
[SourceQuality "1"]

1. Nf3 Nf6 2. g3 g6 3. Bg2 Bg7 4. 0-0 0-0 5. d3 d6 6. e4 c5 7. Nbd2 Nc6 8. a4 Rb8 9. Nc4 a6 10. a5 Nd7 11. c3 b5 12. axb6 Nxb6 13. Nfd2 Nxc4 14. Nxc4 Ne5 15. Ne3 Bb7 16. f4 Nc6 17. g4 e6 18. g5 Ne7 19. Ng4 f5 20. gxf6 Bxf6 21. Nxf6+ Rxf6 22. Be3 Qc7 23. Qg4 Rbf8 24. Qg5 d5 25. Qe5 Qxe5 26. fxe5 Rxf1+ 27. Rxf1 Rxf1+ 28. Bxf1 Nc6 29. exd5 exd5 30. Bxc5 Nxe5 31. Kf2 Kf7 32. Bd6 Ke6 33. Bc7 g5 34. Ke3 h5 35. b4 Nc6 36. d4 Ne7 37. Bd8 Kd7 38. Bxe7 Kxe7 39. Be2 h4 40. Bf3 Kd6 41. c4 Bc6 42. c5+ Ke7 43. Bg4 Bb7 44. Kf3 Bc6 45. Bc8 Bb5 46. Bb7 Bc4 47. Kg4 Kf6 48. Kf3 Kf5 49. c6 g4+ 50. Kf2 Bb5 51. c7 Bd7 52. Ke3 1-0

[Event "Zeleny Shum-B"]
[Site "Zeleny Shum"]
[Date "2000.??.??"]
[Round "9"]
[White "Martinov, Nikolay"]
[Black "Khakimov, Fidel"]
[Result "1-0"]
[WhiteElo "2105"]
[BlackElo "2303"]
[PlyCount "67"]
[EventDate "2000.??.??"]
[EventType "tourn"]
[EventRounds "13"]
[EventCountry "RUS"]
[EventCategory "3"]
[SourceTitle "EXT 2006"]
[Source "ChessBase"]
[SourceDate "2005.11.24"]
[SourceVersion "1"]
[SourceVersionDate "2005.11.24"]
[SourceQuality "1"]

1. e4 d6 2. d4 Nf6 3. Nc3 g6 4. f4 Bg7 5. Nf3 0-0 6. e5 Nfd7 7. h4 c5 8. h5 cxd4 9. Qxd4 Nc6 10. Qf2 dxe5 11. hxg6 fxg6 12. Bc4+ e6 13. Bxe6+ Kh8 14. Ng5 Qxg5 15. fxg5 Rxf2 16. Kxf2 Nd4 17. Bf7 Nf8 18. Be3 Nxc2 19. Rac1 Nd4 20. Nd5 Bd7 21. Rc7 Nb5 22. Rxb7 Nd6 23. Rxd7 Nxd7 24. Bxg6 Nf8 25. Bxh7 Nxh7 26. g6 Nf5 27. Rxh7+ Kg8 28. g4 Rd8 29. gxf5 Rxd5 30. Kf3 Ra5 31. a3 Ra4 32. Rh2 a5 33. Rc2 e4+ 34. Ke2 1-0

[Event "Zeleny Shum-B"]
[Site "Zeleny Shum"]
[Date "2000.??.??"]
[Round "12"]
[White "Pridorozhni, Aleksei"]
[Black "Martinov, Nikolay"]
[Result "1-0"]
[WhiteElo "2396"]
[BlackElo "2105"]
[PlyCount "79"]
[EventDate "2000.??.??"]
[EventType "tourn"]
[EventRounds "13"]
[EventCountry "RUS"]
[EventCategory "3"]
[SourceTitle "EXT 2006"]
[Source "ChessBase"]
[SourceDate "2005.11.24"]
[SourceVersion "1"]
[SourceVersionDate "2005.11.24"]
[SourceQuality "1"]

1. e4 c6 2. d4 d5 3. Nc3 dxe4 4. Nxe4 Nd7 5. Nf3 Ngf6 6. Ng3 c5 7. dxc5 e6 8. c6 bxc6 9. Be2 Qc7 10. 0-0 Bd6 11. Nd4 h5 12. Re1 h4 13. Nf1 h3 14. g3 Bb7 15. Ne3 Nb6 16. c3 a6 17. Nb3 0-0-0 18. Qc2 c5 19. Na5 Ba8 20. Bxa6+ Kb8 21. Qb3 Ka7 22. Be2 Bxg3 23. fxg3 Qxg3+ 24. hxg3 h2+ 25. Kf2 Ne4+ 26. Kf3 Nd2+ 27. Kg4 f5+ 28. Kg5 Ne4+ 29. Kf4 g5+ 30. Ke5 Rhe8 31. Bb5 Nf2 32. Bxe8 Nd3+ 33. Kf6 Nxe1 34. Nc6+ Kb7 35. Nxd8+ Kc8 36. Qxb6 h1Q 37. Qxe6+ Kb8 38. Nxf5 Qh8+ 39. Ng7 Qf8+ 40. Nf7 1-0